1014 1985 1823 1888 1370 1228 1644 1352 1082 1455 1656 1185 1126 1831 1102 1650 1562 1719 1553 1542 1517 1113 1239 1003 1721 1562 1928 1678 1856 1897 1908 1074 1181 1855 1399 1656 1166 1077 1235 1728 1538 1333 1035 1519 1519 1849 1963 1897 1716 1878 1147 1031 1303 1720 1188 1495 1736 1192 1839 1663 1127 1784 1434 1234 1430 1264 1646 1892 1405 1488 1058 1320 1812 1566 1224 1007 1740 1442 1470 1323 1788 1479 1884 1383 1982 1883 1856 1834 1715 1317 1629 1291 1116 1542 1409 1487 1453 1631 1337 BCNSPRNW ULIB Ver.6.0+V

เปลี่ยนเป็นภาษาไทย

Change to English
 แสดงรายละเอียดบรรณานุกรม
  กลับหน้าหลัก

Brief Record : Get Marc (ISO 2709) : E-mail record : QR code < ปิดหน้าต่าง
LEADER : 00000nam 2200000uu 4500
001    13399128935
003     ULIB
008    241030s2021||||th 000 0 tha d
020    ^a9781108933858 (pbk.)
050  4 ^aPE1128^bI22
245 00 ^aIELTS 16 academic with answers :^bauthentic examinationtests /^c[Cambridge University Press]
260    ^aCambridge :^bCambridge University Press,^c2021
300    ^a142 p. :^bill. ;^c25 cm.
650  0 ^aInternational English Language Testing System^vStudyguides
650  0 ^aEnglish language^vTextbooks for foreign speakers
650  0 ^aEnglish language^xStudy and teaching
650  0 ^aEnglish language^xExaminations^vStudy guides
650  0 ^aEnglish language^vProblems, exercises, etc.
653    ^aIELTS
945    ^p989^l0^i011189
999    ^aประนอม เกษจรัล
รายการนี้ยังไม่มีแท็ก
คุณยังไม่ได้ล็อกอิน คุณสามารถมีกิจกรรมร่วมกับเว็บไซต์ได้ แต่ต้องล็อกอินก่อน ::
  ล็อกอิน

รายการสื่อสารสนเทศ

ลำดับที่ ประเภท เลขเรียก/บาร์โค้ด สถานที่ สถานะ
1. การศึกษาทั่วไป
หนังสือสำรอง
สถานะ=หนังสือสำรอง
PE1128 I22 ฉ.1 
  Barcode: 011189
ห้องสมุดวิทยาเขตสวรรค์ประชารักษ์
►หนังสือทั่วไป
บนชั้น

BibComment


ยังไม่เคยถูกคอมเมนท์

คอมเมนท์ทรัพยากรรายการนี้
  คอมเมนท์: IELTS 16 academi..


 Copyright 2026. Bcnsprnw @Library